Click The Yoga Poses Quiz Stats

Quiz Updated Feb 2, 2016

Challenge
Share
Tweet
Score 0/12 Timer 03:00
2 Plays Today
% Correct
Downward-Facing Dog Pose
94.3%
Corpse Pose
93.4%
Warrior Pose
91.3%
Tree Pose
86.5%
Bridge Pose
84%
Cobra Pose
82.7%
Triangle Pose
76.4%
Bow Pose
68.9%
Cobbler Pose
68.3%
Mountain Pose
51.7%
Hero Pose
49.2%
Staff Pose
43.6%

You're not logged in!

Compare scores with friends on all Sporcle quizzes.
Join for Free
OR
Log In

You Might Also Like...

Show Comments

Extras

Top Quizzes Today


Score Distribution

Your Account Isn't Verified!

In order to create a playlist on Sporcle, you need to verify the email address you used during registration. Go to your Sporcle Settings to finish the process.

Report this User

Report this user for behavior that violates our Community Guidelines.

Details: